| 000 | 01118cam a2200157ua 4500 | ||
|---|---|---|---|
| 041 |
_amal _h |
||
| 082 |
_a894.812301 _bCOR/JE |
||
| 110 | 1 |
_aSree narasimha vilasam book depot . _b _c(Thuravoor ) |
|
| 245 | _aJeevithavally | ||
| 250 |
_a1 / _b. |
||
| 260 |
_aThuravoor : _bSree Narasimha Vilasam Book Depot , _c1962. |
||
| 300 | _a118 ; . | ||
| 504 | _a | ||
| 942 | _cBK | ||
| 999 |
_c11500 _d11500 |
||